000 00585cam a2200181 4500
001 WB3528-56
008 000000n1999 000 0 eng u
035 _a(Sirsi) u102324
245 _aCrown curtails GM crops.
260 _c1999
490 _aEstates Gazette
_v(9928) 17 July 1999, 30(1)
520 _aThe Crown Estate is introducing tenancy agreements including a clause that requires the farmer to ask permission before growing GM crops.
650 _aTENANCIES
650 _aCROWN ESTATE
650 _aGENETICALLY MODIFIED CROPS
690 _aRURAL PRACTICE
942 _n0
999 _c61349
_d61349